Statistiken für Alle 3M Städte auf der Weltkarte

Klicken Sie hier um das Quiz zu spielen!

Allgemein

  • Dieses Quiz wurde 465 mal gespielt
  • Das Durchschnittsergebnis liegt bei 97 aus 170

Antworten auf der Karte

Die Antworten werden auf der Karte rot bzw. grün angezeigt, abhängig davon wie oft sie richtig erraten wurden.
 

Antwortstatistiken

Stadt% Korrekt
Berlin
98%
London
96%
Paris
95%
Madrid
94%
Moskau
94%
New York
94%
Rom
92%
Barcelona
91%
Istanbul
91%
Los Angeles
91%
Tokio
91%
Ankara
90%
Kiew
89%
Mexiko-Stadt
89%
Kairo
88%
Köln
88%
Sankt Petersburg
88%
Sydney
88%
Washington
88%
Athen
87%
Mailand
87%
Buenos Aires
86%
Miami
86%
Rio de Janeiro
86%
Peking
85%
San Francisco
85%
Brasília
84%
Johannesburg
84%
Kapstadt
84%
Neapel
84%
Lima
83%
Manchester
83%
Chicago
82%
Frankfurt
82%
Santiago
82%
Melbourne
81%
Mumbai
81%
Bangkok
80%
Bogotá
80%
Jakarta
80%
Riad
80%
São Paulo
80%
Teheran
80%
Alexandria
79%
Algier
78%
Bagdad
78%
Shanghai
78%
Boston
77%
Seoul
77%
Birmingham
76%
Delhi
76%
Dubai
76%
Hongkong
76%
Manila
76%
Seattle
76%
Singapur
76%
Caracas
75%
Houston
75%
Dallas
74%
Rotterdam
74%
Toronto
73%
Damaskus
72%
Nairobi
72%
Osaka
72%
Casablanca
71%
Lagos
70%
Ruhrgebiet
70%
Addis Abeba
69%
Atlanta
69%
Denver
69%
Kabul
69%
Philadelphia
69%
Rawalpindi
69%
Dakar
68%
Kuala Lumpur
68%
Kinshasa
67%
San Diego
67%
Detroit
66%
Hanoi
66%
Phoenix
66%
Accra
65%
Dhaka
65%
Guangzhou
63%
Luanda
63%
Montréal
62%
Kuwait-Stadt
61%
Amman
60%
Colombo
60%
Belo Horizonte
58%
Khartum
58%
Santo Domingo
58%
Taipeh
58%
Guatemala-
Stadt
57%
Orlando
54%
Ho-Chi-Minh-Stadt
53%
Medellín
52%
Wuhan
52%
Jaunde
51%
Kampala
51%
Karatschi
51%
Bamako
50%
Bengaluru
50%
Durban
50%
Xi'an
50%
Guadalajara
49%
Daressalam
48%
Recife
47%
Abidjan
45%
Chennai
45%
Lahore
45%
Tampa
45%
Busan
44%
Kolkata
44%
Minneapolis
44%
Monterrey
43%
Hyderabad
41%
Nagoya
41%
Xiamen
41%
Ahmedabad
40%
Fortaleza
40%
Cleveland
39%
Porto Alegre
38%
Tianjin
38%
Chengdu
36%
Chittagong
34%
Salvador
34%
Chongqing
32%
Pune
32%
Curitiba
31%
Nanjing
31%
Bandung
30%
Guayaquil
30%
Yangon
30%
Dalian
29%
Harbin
29%
Jeddah
29%
Kano
28%
Surabaya
28%
Ürümqi
28%
Qingdao
27%
Douala
26%
Jaipur
25%
Puebla
25%
Shenyang
25%
Surat
25%
Hangzhou
24%
Hefei
24%
Changsha
23%
Ibadan
23%
Kunming
22%
Lucknow
22%
Medan
22%
Nagpur
22%
Campinas
21%
Fuzhou
21%
Shantou
21%
Faisalabad
20%
Mashhad
20%
Wenzhou
20%
Kanpur
19%
Zhengzhou
19%
Changchun
18%
Ningbo
18%
Wuxi
18%
Jinan
17%
Nanning
17%
Shijiazhuang
17%
Nanchang
16%
Zibo
16%
Taiyuan
15%

Verteilung der Resultate

Perzentil nach korrekt beantworteten Fragen

Anzahl Personen mit jedem Resultat

Ihre Resultats-Entwicklung

Sie haben dieses Quiz noch nicht gespielt